Gracze Kwadratowej Masakry (sezon 3 po reaktywacji) - Statystyki

Ogólne statystyki
  • Ten quiz został rozwiązany 567 razy
  • Średni wynik to 14 z 26
Statystyki odpowiedzi
Hint Odpowiedź % Poprawnych
Full Bright Graf
90%
Pies Nexe
86%
Florianek Skkf
84%
Hegemon Nitashi
81%
Ulaniec Ewron
78%
Drukarka Bremu
74%
Często ginie Jawor
71%
Kopuła Tidzimi
69%
Najlepszy Clutcher Thorek
65%
Sprzedaje Kelpy Zaha
64%
Kocha akacje Buraczek
62%
Minion Nojracht
56%
Rafałek Kiślu
55%
Lider Ekipy Bożej Sitrox
55%
Buduje siury Yoshi
55%
Żona hegemona Dariatka
54%
Buduje kibel macgajster
49%
Często wchodzi na serwer pijany Cubix
45%
40 letni boomer Dzunior
35%
Dworzec Centralny TheMolka
35%
Ma fajne inicjały Jdabrowsky
31%
Farma drzwi Gurgo
26%
Koniara Sarczix
25%
Ładnie buduje Inareq
23%
Pijak Walduś
23%
PIszczałka Szymeq
22%
Nie znaleziono quizów pasujących do podanych kryteriów
Rozkład punktacji
Procent ludzi z każdym wynikiem
Percentyl według liczby udzielonych odpowiedzi
Twoja historia wyników
Nie rozwiązałeś tego quizu